Mystery Shopping a jeho aplikácia v lízingových spoločnostiach diplomová práca

Na minha lista:
Detalhes bibliográficos
Autor principal: Bednáriková, Linda
Autor Corporativo: Obchodná fakulta EU. Katedra marketingu
Outros Autores: Klepochová, Dagmar, 1968-
Formato: Livro
Idioma:eslovaco
Publicado em: Bratislava 2015
Tags: Adicionar Tag
Sem tags, seja o primeiro a adicionar uma tag!

MARC

LEADER 00000nbm a2200000 4500
001 0203026
005 20170315090447.8
041 0 |a slo 
044 |a SK 
245 1 0 |a Mystery Shopping a jeho aplikácia v lízingových spoločnostiach  |b diplomová práca  |c Linda Bednáriková ; školiteľ: Dagmar Klepochová 
264 1 |a Bratislava  |c 2015 
300 |a 79 s. 
100 1 |a Bednáriková, Linda 
700 1 |a Klepochová, Dagmar, 1968- 
710 2 |a Obchodná fakulta EU. Katedra marketingu